=LDR 00000nam 2200000 4500 =001 INLIS000000000027501 =005 20130612125855 =008 ***********************************Ind** =035 ##$$0010-061300000027501 =041 ##$$a Ind =082 ##$$a 612.664 =090 ##$$a 612.664, Nei c =100 ##$$a Neilson,Joan =245 ##$$a Cara menyusui yang baik, Joan Neilson;Alih bahasa,Gianto widianto =260 ##$$a 1995 $b Jakarta =300 ##$$a 103 hlm, ilus, 21 cm =650 ##$$a Bayi-Pertumbuhan =700 ##$$a Widianto,Gianto =850 ##$$a NBPNMAT